000 00982nam a22003137a 4500
003 CHAP
005 20220817041928.0
008 971013s1979 r 00010 d
010 _a29015
011 _a29987
035 _a34098
040 _cCHAP
082 _a146.3
_bL4Y 1920
100 0 0 _aLenin, Vladimir Ilich.
_965999
245 _aMaterialismo y empiriocriticismo
_b: notas críticas sobre una filosofía reaccionaria
260 _aMéxico :
_bProgreso,
_c1979
300 _a421 p.
500 _aTrad. de la 2 ed. en ruso de 1920
590 _aBATCH-UPD
_b10
_c20130110
_lUCH01
_h1012
590 _aBATCH-UPD
_b10
_c20130410
_lUCH01
_h0620
590 _aBATCH-UPD
_b10
_c20130914
_lUCH01
_h1603
590 _aCONVERSION
_b10
_c20130109
_lUCH01
_h1317
650 1 4 _aEmpirismo.
_936544
650 1 4 _aMarxismo.
_972728
650 1 4 _aMaterialismo dialéctico.
901 _aBK
942 _cLIBRO
949 _a146.3 L4Y 1920
_bBC
_cLIBRO
_d33724000679007
_eLIBRO
_h61724
_i34098
_so
999 _c29015
_d29015